书目信息 |
| 题名: |
模拟电子技术基础
|
|
| 作者: | 杨明欣 主编 | |
| 分册: | ||
| 出版信息: | 北京 高等教育出版社 2012 |
|
| 页数: | 303页 | |
| 开本: | 26cm | |
| 丛书名: | ||
| 单 册: | ||
| 中图分类: | TN710.4 | |
| 科图分类: | ||
| 主题词: | 模拟电路--电子技术--高等学校--教材 | |
| 电子资源: | ||
| ISBN: | 978-7-04-034325-0 | |
| 000 | 00898nam0 2200241 450 | |
| 001 | 0102512633 | |
| 005 | 20121120175346.0 | |
| 010 | @a978-7-04-034325-0@dCNY30.00 | |
| 100 | @a20121102d2012 em y0chiy0120 ea | |
| 101 | 0 | @achi |
| 102 | @aCN@b110000 | |
| 105 | @ay z 000yy | |
| 106 | @ar | |
| 200 | 1 | @a模拟电子技术基础@9Mo;Mu Ni Dian Zi Ji Shu;Zhu Ji Chu @f杨明欣主编@b专著 |
| 210 | @a北京@c高等教育出版社@d2012 | |
| 215 | @a303页@d26cm | |
| 300 | @a工程教育系列教材 教育部CDIO工程教育试点教材 | |
| 330 | @a本书系统介绍了模拟电子技术的基本理论及其应用,主要内容包括半导体和半导体器件、晶体管放大电路、集成运算放大器及应用、信号发生电路、功率放大电路、直流稳压电源和模拟电子系统分析与设计等。 | |
| 606 | 0 | @a模拟电路@x电子技术@x高等学校@j教材 |
| 690 | @aTN710.4@v5 | |
| 701 | 0 | @a杨明欣@f(1963~)@9yang ming xin@4主编 |
| 801 | 0 | @aCN@bZL@c20120818 |
| 905 | @aBZT@dTN710@e42@f1@sTN710/42 | |
| 模拟电子技术基础/杨明欣主编.-北京:高等教育出版社,2012 |
| 303页;26cm |
| 工程教育系列教材 教育部CDIO工程教育试点教材 |
| ISBN 978-7-04-034325-0:CNY30.00 |
| 本书系统介绍了模拟电子技术的基本理论及其应用,主要内容包括半导体和半导体器件、晶体管放大电路、集成运算放大器及应用、信号发生电路、功率放大电路、直流稳压电源和模拟电子系统分析与设计等。 |
| ● |
| 相关链接 |
|
|
|
正题名:模拟电子技术基础
索取号:TN710/42
 
预约/预借
| 序号 | 登录号 | 条形码 | 馆藏地/架位号 | 状态 | 备注 |
| 1 | 2000007639 | 2000007639 | 旧书回溯/ [索取号:TN710/42] | 在馆 |